00693nam a2200217Ia 4500008004100000020001800041050001900059050001400078245007800092245008700170250002000257260001700277260002600294260000900320300001600329300002000345300001100365650002800376650003900404650003200443160418s9999 xx 000 0 und d a971-08-0749-8 aFIL PQ 8897.R5 b.F55 1960 aAng "Filibusterismo" (karugtong ng "Noli me tangere") ni Dr. Jose Rizal / cisinalin sa wikang pambansa at isinaayos sa pampaaralan ni Maria Odulio De Guzman. aRevised Edition aMandaluyong: bNational Books Store, c1960 a373 pages : billustrations ; c21 cm. aPhilippine literature.  aRizal, Jose -- 1861-1896 -- Novel. xShort stories, Philipines.